000 00445nam a2200145Ia 4500
008 230917s9999||||xx |||||||||||||| ||und||
040 _e97039
_aMAIN
041 _aEnglish
082 _a668.4235 I2T
100 _aIndia, Ministry of Science & Technology, Dept of Scientific and Industrial Research
245 0 _aTechnology in Indian nylon tyre cord industry
260 _aNew Delhi
_bGovt of India
_c1990
300 _avii, 149 p.
942 _cBK
999 _c82175
_d82175